[Event "33ème Open International d'Avoine"]
[Site "Avoine"]
[Date "2018.07.21"]
[Round "8.1"]
[White "Ortiz Suarez, Isan Reynaldo"]
[Black "Travadon, Loic"]
[Result "1/2-1/2"]
[WhiteElo "2548"]
[BlackElo "2344"]
[PlyCount "55"]
[EventDate "2018.??.??"]

1. e4 {[%emt 0:00:02]} c5 {[%emt 0:00:05]} 2. Nf3 {[%emt 0:00:06]} g6 {
[%emt 0:00:05]} 3. d4 {[%emt 0:00:18]} cxd4 {[%emt 0:00:05]} 4. Nxd4 {
[%emt 0:00:03]} Bg7 {[%emt 0:00:05]} 5. c4 {[%emt 0:00:32]} Nc6 {[%emt 0:00:04]
} 6. Be3 {[%emt 0:00:23]} Nf6 {[%emt 0:00:07]} 7. Nc3 {[%emt 0:00:10]} Ng4 {
[%emt 0:00:04]} 8. Qxg4 {[%emt 0:00:06]} Nxd4 {[%emt 0:00:03]} 9. Qd1 {
[%emt 0:00:07]} e5 {[%emt 0:00:04]} 10. Nb5 {[%emt 0:00:14]} d6 {[%emt 0:00:05]
} 11. Nxd4 {[%emt 0:15:54]} exd4 {[%emt 0:00:05]} 12. Bxd4 {[%emt 0:00:41]}
Qa5+ {[%emt 0:00:04]} 13. Ke2 {[%emt 0:00:04]} Be5 {[%emt 0:00:03]} 14. Ke3 {
[%emt 0:00:22]} Be6 {[%emt 0:40:27]} 15. f4 {[%emt 0:06:17]} Rd8 {
[%emt 0:00:47]} 16. g3 {[%emt 0:30:46]} O-O {[%emt 0:01:34]} 17. Qd3 {
[%emt 0:12:14]} Rfe8 {[%emt 0:02:14]} 18. Kf2 {[%emt 0:03:06]} Bxc4 {
[%emt 0:00:52]} 19. Qe3 {[%emt 0:04:43]} Bxd4 {[%emt 0:05:28]} 20. Qxd4 {
[%emt 0:00:05]} Rxe4 {[%emt 0:05:36]} 21. Qxe4 {[%emt 0:00:06]} Bd5 {
[%emt 0:00:03]} 22. b4 {[%emt 0:04:50]} Bxe4 {[%emt 0:01:49]} 23. bxa5 {
[%emt 0:00:05]} Bxh1 {[%emt 0:00:03]} 24. Rc1 {[%emt 0:02:23]} Bd5 {
[%emt 0:18:36]} 25. Rc7 {[%emt 0:01:36]} Rb8 {[%emt 0:00:35]} 26. Bg2 {
[%emt 0:05:24]} Bxg2 {[%emt 0:00:29]} 27. Kxg2 {[%emt 0:00:04]} a6 {
[%emt 0:00:18]} 28. Rd7 {[%emt 0:03:39]} 1/2-1/2

[Event "33ème Open International d'Avoine"]
[Site "Avoine"]
[Date "2018.07.21"]
[Round "8.2"]
[White "Shirazi, Kamran"]
[Black "Haub, Thorsten Michael"]
[Result "1/2-1/2"]
[WhiteElo "2330"]
[BlackElo "2405"]
[PlyCount "86"]
[EventDate "2018.??.??"]

1. d4 {[%emt 0:00:15]} g6 {[%emt 0:03:48]} 2. e4 {[%emt 0:01:38]} Bg7 {
[%emt 0:00:06]} 3. c4 {[%emt 0:03:23]} d6 {[%emt 0:00:51]} 4. Nc3 {
[%emt 0:00:08]} a6 {[%emt 0:01:52]} 5. h3 {[%emt 0:02:01]} Nf6 {[%emt 0:04:40]}
6. Nf3 {[%emt 0:03:03]} O-O {[%emt 0:04:21]} 7. Bd3 {[%emt 0:03:48]} Nc6 {
[%emt 0:07:41]} 8. Be3 {[%emt 0:01:14]} Nd7 {[%emt 0:02:02]} 9. Be2 {
[%emt 0:05:12]} e5 {[%emt 0:01:12]} 10. d5 {[%emt 0:01:10]} Ne7 {[%emt 0:00:50]
} 11. g4 {[%emt 0:02:15]} f5 {[%emt 0:01:40]} 12. Ng5 {[%emt 0:04:47]} Nf6 {
[%emt 0:00:39]} 13. f3 {[%emt 0:01:57]} c5 {[%emt 0:08:17]} 14. Qd2 {
[%emt 0:02:53]} h6 {[%emt 0:06:22]} 15. Ne6 {[%emt 0:00:12]} Bxe6 {
[%emt 0:00:03]} 16. dxe6 {[%emt 0:00:25]} f4 {[%emt 0:00:07]} 17. Bf2 {
[%emt 0:00:04]} Nc6 {[%emt 0:01:06]} 18. Nd5 {[%emt 0:01:12]} Re8 {
[%emt 0:09:37]} 19. b4 {[%emt 0:01:23]} Rxe6 {[%emt 0:09:56]} 20. bxc5 {
[%emt 0:00:41]} dxc5 {[%emt 0:00:16]} 21. Rb1 {[%emt 0:02:54]} Nd4 {
[%emt 0:07:41]} 22. Rxb7 {[%emt 0:00:52]} Nxd5 {[%emt 0:00:09]} 23. exd5 {
[%emt 0:02:51]} Rb6 {[%emt 0:02:56]} 24. Rxb6 {[%emt 0:00:59]} Qxb6 {
[%emt 0:00:06]} 25. O-O {[%emt 0:01:58]} Qb4 {[%emt 0:05:28]} 26. Qd3 {
[%emt 0:00:53]} Qb2 {[%emt 0:00:12]} 27. Bd1 {[%emt 0:08:53]} Kf7 {
[%emt 0:02:38]} 28. Re1 {[%emt 0:02:48]} Rb8 {[%emt 0:00:30]} 29. Kf1 {
[%emt 0:09:38]} Rb6 {[%emt 0:04:16]} 30. Bxd4 {[%emt 0:23:32]} Qxd4 {
[%emt 0:00:33]} 31. Qxd4 {[%emt 0:00:37]} exd4 {[%emt 0:00:12]} 32. Ba4 {
[%emt 0:04:30]} Bf6 {[%emt 0:02:30]} 33. Bb3 {[%emt 0:03:33]} a5 {
[%emt 0:08:13]} 34. Ba4 {[%emt 0:01:36]} Bh4 {[%emt 0:02:45]} 35. Re4 {
[%emt 0:02:31]} Rb2 {[%emt 0:01:03]} 36. Re2 {[%emt 0:01:05]} Rxe2 {
[%emt 0:07:07]} 37. Kxe2 {[%emt 0:00:03]} Be7 {[%emt 0:00:10]} 38. Bc2 {
[%emt 0:02:27]} Kf6 {[%emt 0:00:53]} 39. Be4 {[%emt 0:01:40]} g5 {
[%emt 0:00:40]} 40. Kd3 {[%emt 0:00:19]} Ke5 {[%emt 0:00:06]} 41. Kc2 {
[%emt 0:01:32]} Kd6 {[%emt 0:00:07]} 42. Kb3 {[%emt 0:00:12]} Kc7 {
[%emt 0:00:05]} 43. Bg6 {[%emt 0:00:28]} Bf8 {[%emt 0:00:17]} 1/2-1/2

[Event "33ème Open International d'Avoine"]
[Site "Avoine"]
[Date "2018.07.21"]
[Round "8.3"]
[White "Lerch, Patrice"]
[Black "Najart, David"]
[Result "1-0"]
[WhiteElo "2405"]
[BlackElo "2230"]
[PlyCount "63"]
[EventDate "2018.??.??"]

1. Nc3 {[%emt 0:00:18]} c5 {[%emt 0:00:26]} 2. g3 {[%emt 0:00:37]} g6 {
[%emt 0:00:11]} 3. Bg2 {[%emt 0:00:06]} Bg7 {[%emt 0:00:08]} 4. d3 {
[%emt 0:00:19]} Nf6 {[%emt 0:00:26]} 5. e4 {[%emt 0:04:21]} d6 {[%emt 0:00:13]}
6. f4 {[%emt 0:00:08]} Nc6 {[%emt 0:00:30]} 7. Nf3 {[%emt 0:00:13]} O-O {
[%emt 0:01:02]} 8. O-O {[%emt 0:00:04]} Rb8 {[%emt 0:02:27]} 9. a4 {
[%emt 0:04:17]} Bg4 {[%emt 0:13:07]} 10. h3 {[%emt 0:02:21]} Bxf3 {
[%emt 0:00:58]} 11. Rxf3 {[%emt 0:00:49]} Nd4 {[%emt 0:00:33]} 12. Rf2 {
[%emt 0:00:06]} a6 {[%emt 0:05:35]} 13. g4 {[%emt 0:12:06]} b5 {[%emt 0:04:35]}
14. g5 {[%emt 0:00:17]} Nd7 {[%emt 0:03:48]} 15. axb5 {[%emt 0:10:18]} axb5 {
[%emt 0:00:22]} 16. Nd5 {[%emt 0:00:31]} e6 {[%emt 0:08:37]} 17. Ne3 {
[%emt 0:01:35]} b4 {[%emt 0:01:01]} 18. h4 {[%emt 0:13:58]} Re8 {[%emt 0:12:47]
} 19. Bd2 {[%emt 0:07:02]} Ra8 {[%emt 0:01:39]} 20. Rb1 {[%emt 0:00:29]} Nb5 {
[%emt 0:04:12]} 21. Ng4 {[%emt 0:10:51]} Ra2 {[%emt 0:16:44]} 22. Qc1 {
[%emt 0:00:04]} h5 {[%emt 0:03:27]} 23. Ne3 {[%emt 0:03:08]} Nd4 {
[%emt 0:03:45]} 24. Qd1 {[%emt 0:00:30]} Nb5 {[%emt 0:02:41]} 25. Bf3 {
[%emt 0:15:12]} Rxb2 {[%emt 0:03:29]} 26. Rxb2 {[%emt 0:02:14]} Bxb2 {
[%emt 0:00:02]} 27. Bxh5 {[%emt 0:00:04]} gxh5 {[%emt 0:07:37]} 28. f5 {
[%emt 0:00:50]} Bd4 {[%emt 0:05:06]} 29. Qxh5 {[%emt 0:00:50]} Bxe3 {
[%emt 0:02:46]} 30. Bxe3 {[%emt 0:00:17]} exf5 {[%emt 0:00:21]} 31. g6 {
[%emt 0:01:46]} Nf6 {[%emt 0:02:25]} 32. gxf7+ {[%emt 0:00:47]} 1-0

[Event "33ème Open International d'Avoine"]
[Site "Avoine"]
[Date "2018.07.21"]
[Round "8.4"]
[White "Naumkin, Igor"]
[Black "Colin, Vincent"]
[Result "1/2-1/2"]
[WhiteElo "2379"]
[BlackElo "2381"]
[PlyCount "29"]
[EventDate "2018.??.??"]

1. d4 {[%emt 0:00:04]} Nf6 {[%emt 0:00:15]} 2. c4 {[%emt 0:00:10]} g6 {
[%emt 0:00:58]} 3. Nc3 {[%emt 0:00:26]} Bg7 {[%emt 0:00:10]} 4. e4 {
[%emt 0:00:21]} d6 {[%emt 0:00:07]} 5. Nf3 {[%emt 0:00:52]} O-O {[%emt 0:00:21]
} 6. Be2 {[%emt 0:00:11]} e5 {[%emt 0:00:19]} 7. O-O {[%emt 0:00:51]} exd4 {
[%emt 0:00:41]} 8. Nxd4 {[%emt 0:00:48]} c6 {[%emt 0:00:18]} 9. Bg5 {
[%emt 0:04:02]} Na6 {[%emt 0:20:45]} 10. Qd2 {[%emt 0:10:33]} Nc5 {
[%emt 0:01:44]} 11. Bf3 {[%emt 0:03:25]} Re8 {[%emt 0:07:58]} 12. Rfe1 {
[%emt 0:05:19]} a5 {[%emt 0:06:28]} 13. Rad1 {[%emt 0:06:00]} Qb6 {
[%emt 0:07:11]} 14. h3 {[%emt 0:03:56]} a4 {[%emt 0:04:13]} 15. Qc2 {
[%emt 0:07:32]} 1/2-1/2

[Event "33ème Open International d'Avoine"]
[Site "Avoine"]
[Date "2018.07.21"]
[Round "8.5"]
[White "Degardin, Sylvain"]
[Black "Bailet, Pierre"]
[Result "0-1"]
[WhiteElo "2197"]
[BlackElo "2503"]
[PlyCount "46"]
[EventDate "2018.??.??"]

1. e4 {[%emt 0:00:10]} e5 {[%emt 0:00:46]} 2. Nf3 {[%emt 0:00:21]} Nc6 {
[%emt 0:00:12]} 3. Bb5 {[%emt 0:00:27]} a6 {[%emt 0:00:31]} 4. Ba4 {
[%emt 0:00:14]} Nf6 {[%emt 0:00:52]} 5. d3 {[%emt 0:00:19]} d6 {[%emt 0:01:53]}
6. c4 {[%emt 0:02:01]} g6 {[%emt 0:01:59]} 7. h3 {[%emt 0:01:19]} Bg7 {
[%emt 0:00:17]} 8. Be3 {[%emt 0:01:53]} O-O {[%emt 0:02:43]} 9. Nc3 {
[%emt 0:02:57]} Nd7 {[%emt 0:07:36]} 10. O-O {[%emt 0:15:37]} Nd4 {
[%emt 0:09:50]} 11. Bxd4 {[%emt 0:21:57]} exd4 {[%emt 0:01:11]} 12. Ne2 {
[%emt 0:00:21]} c5 {[%emt 0:16:05]} 13. Nf4 {[%emt 0:02:31]} Nb6 {
[%emt 0:03:03]} 14. Bc2 {[%emt 0:11:20]} Qf6 {[%emt 0:04:00]} 15. Nd5 {
[%emt 0:04:17]} Nxd5 {[%emt 0:00:28]} 16. exd5 {[%emt 0:03:47]} b5 {
[%emt 0:04:04]} 17. Nd2 {[%emt 0:05:20]} Rb8 {[%emt 0:04:05]} 18. b3 {
[%emt 0:10:10]} Qd8 {[%emt 0:09:25]} 19. Re1 {[%emt 0:05:10]} Bh6 {
[%emt 0:02:29]} 20. Re2 {[%emt 0:03:16]} Bd7 {[%emt 0:02:27]} 21. Kh2 {
[%emt 0:04:40]} Qh4 {[%emt 0:04:09]} 22. Qe1 {[%emt 0:06:31]} Rfe8 {
[%emt 0:04:11]} 23. Re4 {[%emt 0:00:57]} Qf4+ {[%emt 0:00:44]} 0-1

[Event "33ème Open International d'Avoine"]
[Site "Avoine"]
[Date "2018.07.21"]
[Round "8.6"]
[White "Burri, Quentin"]
[Black "Vallet, Marc"]
[Result "1-0"]
[WhiteElo "2423"]
[BlackElo "2182"]
[PlyCount "20"]
[EventDate "2018.??.??"]

1. e4 {[%emt 0:00:02]} c5 {[%emt 0:00:28]} 2. Nf3 {[%emt 0:00:05]} Nc6 {
[%emt 0:00:52]} 3. Nc3 {[%emt 0:01:14]} g6 {[%emt 0:00:57]} 4. d4 {
[%emt 0:00:36]} cxd4 {[%emt 0:01:27]} 5. Nxd4 {[%emt 0:00:06]} Bg7 {
[%emt 0:05:33]} 6. Be3 {[%emt 0:00:40]} Nf6 {[%emt 0:00:53]} 7. Bc4 {
[%emt 0:01:12]} O-O {[%emt 0:01:51]} 8. Bb3 {[%emt 0:00:16]} d5 {[%emt 0:04:52]
} 9. exd5 {[%emt 0:04:53]} Nxd5 {[%emt 0:03:27]} 10. Nxd5 {[%emt 0:21:06]} a5 {
[%emt 0:00:05]} 1-0

[Event "33ème Open International d'Avoine"]
[Site "Avoine"]
[Date "2018.07.21"]
[Round "8.7"]
[White "Manea, Alexandru"]
[Black "Meunier-Pion, Jean"]
[Result "1-0"]
[WhiteElo "2394"]
[BlackElo "2170"]
[PlyCount "51"]
[EventDate "2018.??.??"]

1. d4 {[%emt 0:00:21]} Nf6 {[%emt 0:00:07]} 2. c4 {[%emt 0:00:05]} g6 {
[%emt 0:00:05]} 3. Nc3 {[%emt 0:00:04]} Bg7 {[%emt 0:00:26]} 4. e4 {
[%emt 0:00:09]} d6 {[%emt 0:00:05]} 5. Bg5 {[%emt 0:00:05]} h6 {[%emt 0:02:42]}
6. Be3 {[%emt 0:00:12]} Ng4 {[%emt 0:12:27]} 7. Bc1 {[%emt 0:00:59]} c5 {
[%emt 0:10:48]} 8. d5 {[%emt 0:01:42]} Bd4 {[%emt 0:16:13]} 9. Nh3 {
[%emt 0:02:07]} e5 {[%emt 0:02:20]} 10. Bd3 {[%emt 0:08:14]} Qh4 {
[%emt 0:07:44]} 11. Qf3 {[%emt 0:00:38]} O-O {[%emt 0:09:13]} 12. Qg3 {
[%emt 0:03:00]} Qxg3 {[%emt 0:05:30]} 13. hxg3 {[%emt 0:00:04]} Bxc3+ {
[%emt 0:00:42]} 14. bxc3 {[%emt 0:00:02]} Kg7 {[%emt 0:00:56]} 15. f3 {
[%emt 0:02:03]} Nf6 {[%emt 0:00:37]} 16. g4 {[%emt 0:00:05]} g5 {[%emt 0:14:47]
} 17. Nf2 {[%emt 0:07:56]} Rh8 {[%emt 0:07:54]} 18. Nd1 {[%emt 0:02:32]} Nbd7 {
[%emt 0:01:14]} 19. Ne3 {[%emt 0:00:10]} Nf8 {[%emt 0:01:25]} 20. Kf2 {
[%emt 0:01:16]} Ne8 {[%emt 0:04:07]} 21. Rb1 {[%emt 0:01:15]} Rb8 {
[%emt 0:01:24]} 22. Bd2 {[%emt 0:02:31]} Kg6 {[%emt 0:04:37]} 23. Rb3 {
[%emt 0:00:59]} h5 {[%emt 0:01:14]} 24. Nf5 {[%emt 0:00:40]} Bd7 {
[%emt 0:03:33]} 25. gxh5+ {[%emt 0:04:25]} Rxh5 {[%emt 0:00:06]} 26. Ne7+ {
[%emt 0:00:06]} 1-0

[Event "33ème Open International d'Avoine"]
[Site "Avoine"]
[Date "2018.07.21"]
[Round "8.8"]
[White "Sandu, Mihaela"]
[Black "Eugene, Floryan"]
[Result "1-0"]
[WhiteElo "2248"]
[BlackElo "2332"]
[PlyCount "108"]
[EventDate "2018.??.??"]

1. e4 {[%emt 0:01:24]} e5 {[%emt 0:00:06]} 2. Nf3 {[%emt 0:00:06]} Nc6 {
[%emt 0:00:05]} 3. Bc4 {[%emt 0:00:02]} Nf6 {[%emt 0:00:08]} 4. d3 {
[%emt 0:00:04]} h6 {[%emt 0:00:05]} 5. O-O {[%emt 0:01:28]} d6 {[%emt 0:00:05]}
6. a3 {[%emt 0:07:30]} g6 {[%emt 0:00:59]} 7. d4 {[%emt 0:01:43]} Bg4 {
[%emt 0:08:56]} 8. Bb5 {[%emt 0:04:18]} Nd7 {[%emt 0:01:26]} 9. dxe5 {
[%emt 0:04:53]} Ndxe5 {[%emt 0:11:06]} 10. Be2 {[%emt 0:05:37]} Nxf3+ {
[%emt 0:11:52]} 11. Bxf3 {[%emt 0:06:55]} Bxf3 {[%emt 0:01:20]} 12. Qxf3 {
[%emt 0:00:07]} Bg7 {[%emt 0:00:03]} 13. Nc3 {[%emt 0:00:44]} O-O {
[%emt 0:01:07]} 14. Nd5 {[%emt 0:03:30]} f5 {[%emt 0:20:19]} 15. exf5 {
[%emt 0:03:33]} Rxf5 {[%emt 0:01:24]} 16. Qd1 {[%emt 0:08:57]} Qd7 {
[%emt 0:08:02]} 17. Ne3 {[%emt 0:12:00]} Rf7 {[%emt 0:02:07]} 18. Qd5 {
[%emt 0:03:24]} Re8 {[%emt 0:02:46]} 19. c3 {[%emt 0:00:34]} Kh7 {
[%emt 0:04:20]} 20. Bd2 {[%emt 0:04:45]} Nd8 {[%emt 0:11:42]} 21. f4 {
[%emt 0:15:20]} Qc6 {[%emt 0:01:11]} 22. Rae1 {[%emt 0:03:01]} Qxd5 {
[%emt 0:04:26]} 23. Nxd5 {[%emt 0:00:05]} Ne6 {[%emt 0:00:15]} 24. Rf2 {
[%emt 0:07:36]} c6 {[%emt 0:00:18]} 25. Rfe2 {[%emt 0:00:23]} cxd5 {
[%emt 0:00:21]} 26. Rxe6 {[%emt 0:00:18]} Rxe6 {[%emt 0:00:03]} 27. Rxe6 {
[%emt 0:00:05]} d4 {[%emt 0:00:10]} 28. Rxd6 {[%emt 0:05:52]} dxc3 {
[%emt 0:00:04]} 29. Bxc3 {[%emt 0:00:30]} Bxc3 {[%emt 0:00:05]} 30. bxc3 {
[%emt 0:00:11]} Rxf4 {[%emt 0:06:35]} 31. Rd7+ {[%emt 0:00:07]} Kg8 {
[%emt 0:00:03]} 32. Rxb7 {[%emt 0:00:08]} a5 {[%emt 0:00:11]} 33. Rb5 {
[%emt 0:05:42]} Ra4 {[%emt 0:00:05]} 34. Rb3 {[%emt 0:00:04]} Rc4 {
[%emt 0:00:04]} 35. Kf2 {[%emt 0:00:26]} a4 {[%emt 0:00:06]} 36. Rb4 {
[%emt 0:00:32]} Rxc3 {[%emt 0:00:03]} 37. Rxa4 {[%emt 0:00:04]} Kg7 {
[%emt 0:00:06]} 38. Ra7+ {[%emt 0:03:28]} Kf6 {[%emt 0:00:08]} 39. h3 {
[%emt 0:01:14]} Rc2+ {[%emt 0:02:02]} 40. Kf3 {[%emt 0:00:42]} Rc3+ {
[%emt 0:00:46]} 41. Kf2 {[%emt 0:02:08]} Rc2+ {[%emt 0:00:58]} 42. Kg1 {
[%emt 0:03:21]} Rc3 {[%emt 0:00:52]} 43. Ra8 {[%emt 0:01:41]} Kg7 {
[%emt 0:00:57]} 44. a4 {[%emt 0:01:37]} Ra3 {[%emt 0:01:35]} 45. a5 {
[%emt 0:02:07]} Ra2 {[%emt 0:01:21]} 46. Kh2 {[%emt 0:00:25]} Ra3 {
[%emt 0:00:07]} 47. Kg1 {[%emt 0:02:53]} Ra2 {[%emt 0:00:07]} 48. Kf1 {
[%emt 0:00:04]} Kf7 {[%emt 0:00:25]} 49. Kg1 {[%emt 0:04:51]} Kg7 {
[%emt 0:00:27]} 50. Ra7+ {[%emt 0:01:50]} Kg8 {[%emt 0:00:49]} 51. a6 {
[%emt 0:00:29]} Kh8 {[%emt 0:00:08]} 52. Kf1 {[%emt 0:02:22]} Kg8 {
[%emt 0:00:12]} 53. Ke1 {[%emt 0:00:47]} Rxg2 {[%emt 0:00:26]} 54. Rb7 {
[%emt 0:00:07]} Ra2 {[%emt 0:01:34]} 1-0

[Event "33ème Open International d'Avoine"]
[Site "Avoine"]
[Date "2018.07.21"]
[Round "8.9"]
[White "Dutreuil, Raphael"]
[Black "Malassagne, Raphael"]
[Result "1-0"]
[WhiteElo "2200"]
[BlackElo "2275"]
[PlyCount "85"]
[EventDate "2018.??.??"]

1. e4 {[%emt 0:00:03]} c6 {[%emt 0:01:45]} 2. Nc3 {[%emt 0:01:33]} d5 {
[%emt 0:00:14]} 3. Nf3 {[%emt 0:00:07]} dxe4 {[%emt 0:02:55]} 4. Nxe4 {
[%emt 0:00:37]} Nd7 {[%emt 0:00:16]} 5. Bc4 {[%emt 0:06:54]} e6 {[%emt 0:01:53]
} 6. Qe2 {[%emt 0:02:32]} Be7 {[%emt 0:04:32]} 7. O-O {[%emt 0:04:10]} Nb6 {
[%emt 0:02:21]} 8. Bb3 {[%emt 0:00:58]} Nf6 {[%emt 0:00:07]} 9. d4 {
[%emt 0:03:55]} O-O {[%emt 0:01:59]} 10. c3 {[%emt 0:06:01]} a5 {[%emt 0:05:30]
} 11. c4 {[%emt 0:16:40]} Nxe4 {[%emt 0:08:28]} 12. Qxe4 {[%emt 0:00:26]} Bf6 {
[%emt 0:00:03]} 13. Rd1 {[%emt 0:06:44]} a4 {[%emt 0:03:02]} 14. Bc2 {
[%emt 0:00:06]} g6 {[%emt 0:00:38]} 15. Ne5 {[%emt 0:16:12]} Bg7 {
[%emt 0:01:52]} 16. Qe2 {[%emt 0:04:13]} Qe7 {[%emt 0:04:34]} 17. Be3 {
[%emt 0:00:25]} Nd7 {[%emt 0:10:33]} 18. Bf4 {[%emt 0:05:12]} Re8 {
[%emt 0:03:12]} 19. Be4 {[%emt 0:17:31]} Nxe5 {[%emt 0:07:23]} 20. Bxe5 {
[%emt 0:00:50]} Bxe5 {[%emt 0:01:05]} 21. dxe5 {[%emt 0:00:01]} Qc5 {
[%emt 0:00:08]} 22. Bf3 {[%emt 0:00:56]} Ra5 {[%emt 0:01:48]} 23. Re1 {
[%emt 0:01:03]} b6 {[%emt 0:17:46]} 24. Qd3 {[%emt 0:02:18]} Ba6 {
[%emt 0:00:47]} 25. Qd7 {[%emt 0:01:42]} Rf8 {[%emt 0:02:25]} 26. Rac1 {
[%emt 0:00:11]} Qb4 {[%emt 0:00:59]} 27. Qd4 {[%emt 0:02:18]} Rc5 {
[%emt 0:00:34]} 28. Re4 {[%emt 0:04:53]} Ra5 {[%emt 0:01:42]} 29. h4 {
[%emt 0:00:37]} Bb7 {[%emt 0:03:11]} 30. a3 {[%emt 0:00:57]} Qc5 {
[%emt 0:00:34]} 31. Qd7 {[%emt 0:00:40]} Bc8 {[%emt 0:00:43]} 32. Qd2 {
[%emt 0:00:11]} Qe7 {[%emt 0:00:52]} 33. Rd1 {[%emt 0:00:51]} Ra7 {
[%emt 0:05:57]} 34. Rd4 {[%emt 0:01:25]} c5 {[%emt 0:02:00]} 35. Rd8 {
[%emt 0:00:29]} Rc7 {[%emt 0:01:17]} 36. Rxf8+ {[%emt 0:02:53]} Kxf8 {
[%emt 0:00:55]} 37. Qh6+ {[%emt 0:00:00]} Kg8 {[%emt 0:00:09]} 38. Rd6 {
[%emt 0:01:01]} Rd7 {[%emt 0:08:18]} 39. Rxb6 {[%emt 0:00:48]} Rd4 {
[%emt 0:01:31]} 40. Rb8 {[%emt 0:01:09]} Qc7 {[%emt 0:05:06]} 41. Ra8 {
[%emt 0:01:01]} Rxc4 {[%emt 0:08:05]} 42. Qg5 {[%emt 0:05:53]} h5 {
[%emt 0:09:42]} 43. Bb7 {[%emt 0:03:06]} 1-0

[Event "33ème Open International d'Avoine"]
[Site "Avoine"]
[Date "2018.07.21"]
[Round "8.10"]
[White "Navrotescu, Andreea-Cristiana"]
[Black "Mazzella, Enzo"]
[Result "1-0"]
[WhiteElo "2182"]
[BlackElo "2273"]
[PlyCount "91"]
[EventDate "2018.??.??"]

1. Nf3 {[%emt 0:02:58]} Nf6 {[%emt 0:00:22]} 2. c4 {[%emt 0:00:05]} g6 {
[%emt 0:00:40]} 3. Nc3 {[%emt 0:00:04]} d5 {[%emt 0:00:09]} 4. Qa4+ {
[%emt 0:00:05]} Nc6 {[%emt 0:10:44]} 5. d4 {[%emt 0:08:14]} Bg7 {[%emt 0:08:30]
} 6. Bg5 {[%emt 0:05:40]} Ne4 {[%emt 0:12:47]} 7. Bf4 {[%emt 0:15:40]} Nxc3 {
[%emt 0:07:34]} 8. bxc3 {[%emt 0:02:10]} dxc4 {[%emt 0:08:21]} 9. e4 {
[%emt 0:12:28]} O-O {[%emt 0:04:33]} 10. Qxc4 {[%emt 0:01:39]} Bg4 {
[%emt 0:05:52]} 11. Rd1 {[%emt 0:10:32]} Bxf3 {[%emt 0:07:20]} 12. gxf3 {
[%emt 0:00:00]} e5 {[%emt 0:00:37]} 13. Be3 {[%emt 0:01:34]} exd4 {
[%emt 0:01:35]} 14. cxd4 {[%emt 0:00:02]} Qd7 {[%emt 0:05:37]} 15. Bg2 {
[%emt 0:12:54]} Rad8 {[%emt 0:06:09]} 16. d5 {[%emt 0:00:11]} Na5 {
[%emt 0:05:14]} 17. Qb4 {[%emt 0:02:03]} b6 {[%emt 0:00:46]} 18. f4 {
[%emt 0:04:43]} c5 {[%emt 0:06:01]} 19. Qd2 {[%emt 0:07:36]} Nc4 {
[%emt 0:00:37]} 20. Qc2 {[%emt 0:00:00]} Qg4 {[%emt 0:03:13]} 21. O-O {
[%emt 0:02:06]} Nd6 {[%emt 0:05:31]} 22. a4 {[%emt 0:02:46]} Rfe8 {
[%emt 0:00:47]} 23. Kh1 {[%emt 0:01:02]} Bh6 {[%emt 0:00:30]} 24. e5 {
[%emt 0:01:37]} Nf5 {[%emt 0:00:18]} 25. Qe4 {[%emt 0:02:07]} Nh4 {
[%emt 0:06:38]} 26. Rg1 {[%emt 0:00:27]} Nxg2 {[%emt 0:00:17]} 27. Qxg2 {
[%emt 0:00:06]} Qf5 {[%emt 0:01:54]} 28. Bc1 {[%emt 0:08:20]} Kh8 {
[%emt 0:00:55]} 29. Qg4 {[%emt 0:01:02]} Qe4+ {[%emt 0:00:25]} 30. f3 {
[%emt 0:00:04]} Qxa4 {[%emt 0:00:16]} 31. h4 {[%emt 0:04:06]} Qc4 {
[%emt 0:00:51]} 32. e6 {[%emt 0:01:00]} f5 {[%emt 0:01:05]} 33. Bb2+ {
[%emt 0:00:10]} Bg7 {[%emt 0:00:04]} 34. Bxg7+ {[%emt 0:00:02]} Kxg7 {
[%emt 0:00:02]} 35. Qxf5 {[%emt 0:00:09]} Re7 {[%emt 0:01:20]} 36. Qg5 {
[%emt 0:00:27]} Ree8 {[%emt 0:00:47]} 37. h5 {[%emt 0:00:59]} Qc3 {
[%emt 0:00:28]} 38. Qg4 {[%emt 0:00:47]} Qf6 {[%emt 0:00:29]} 39. f5 {
[%emt 0:00:20]} b5 {[%emt 0:00:24]} 40. fxg6 {[%emt 0:00:51]} h6 {
[%emt 0:00:10]} 41. Rge1 {[%emt 0:01:06]} Rd6 {[%emt 0:08:50]} 42. Re4 {
[%emt 0:03:42]} c4 {[%emt 0:03:02]} 43. Rf4 {[%emt 0:00:19]} Qe5 {
[%emt 0:00:19]} 44. Rf5 {[%emt 0:01:24]} Qe3 {[%emt 0:04:00]} 45. Rf7+ {
[%emt 0:00:42]} Kg8 {[%emt 0:00:13]} 46. Qf5 {[%emt 0:00:34]} 1-0

[Event "33ème Open International d'Avoine"]
[Site "Avoine"]
[Date "2018.07.21"]
[Round "8.11"]
[White "Engelmann, Herve"]
[Black "Zachary, Matheo"]
[Result "1/2-1/2"]
[WhiteElo "1998"]
[BlackElo "2271"]
[PlyCount "78"]
[EventDate "2018.??.??"]

1. e4 c5 2. Nf3 Nc6 3. Bb5 Nf6 4. e5 Ng4 5. Bxc6 dxc6 6. O-O g6 7. b3 Bg7 8.
Bb2 O-O 9. Re1 Nh6 10. h3 b6 11. Qe2 Nf5 12. c3 Be6 13. Na3 Bd5 14. Rad1 Qd7
15. Nc2 a5 16. d4 cxd4 17. Ncxd4 Nxd4 18. Nxd4 c5 19. Nc2 Qb7 20. Ne3 Bc6 21.
f4 a4 22. Rd2 Bh6 23. Qf2 Rad8 24. Red1 Qa8 25. Qh4 Bg7 26. Qxe7 Rxd2 27. Rxd2
axb3 28. axb3 Qa2 29. Ng4 Qb1+ 30. Kh2 Qe1 31. Rd8 Rxd8 32. Qxd8+ Bf8 33. Nf6+
Kg7 34. Nd7 Bxd7 35. Qxd7 c4 36. b4 Kg8 37. b5 h5 38. Qd8 h4 39. Ba3 Qg3+
1/2-1/2

[Event "33ème Open International d'Avoine"]
[Site "Avoine"]
[Date "2018.07.21"]
[Round "8.12"]
[White "Coiffait, Pierre-Basile"]
[Black "Viers, Emmanuel"]
[Result "0-1"]
[WhiteElo "2253"]
[BlackElo "2126"]
[PlyCount "104"]
[EventDate "2018.??.??"]

1. e4 c5 2. Nf3 Nc6 3. d4 cxd4 4. Nxd4 g6 5. c4 Bg7 6. Nc2 Nf6 7. Nc3 O-O 8.
Be2 d6 9. O-O Qb6 10. Rb1 Be6 11. Be3 Qc7 12. f3 a6 13. a4 Nd7 14. Qd2 Rfc8 15.
b3 Qa5 16. b4 Qc7 17. Rfc1 Nce5 18. Na3 Qc6 19. b5 Qc7 20. f4 Ng4 21. Nd5 Qd8
22. bxa6 bxa6 23. Bb6 Qf8 24. Nc7 Rxc7 25. Bxc7 Qc8 26. Bxg4 Bxg4 27. Qd5 Ra7
28. f5 Rxc7 29. h3 Be2 30. Qd2 Bxc4 31. Qa5 Rc5 32. Rxc4 Rxc4 33. Nxc4 Qxc4 34.
Qd8+ Nf8 35. Qxe7 Qxa4 36. Rf1 Qd4+ 37. Kh1 Bf6 38. Qb7 Qd3 39. Rb1 Be5 40. Kg1
a5 41. Qb3 Qxe4 42. Rf1 a4 43. Qa2 gxf5 44. Rd1 Ne6 45. Qa3 Nd4 46. Kh1 Qf4 47.
g3 Qe4+ 48. Kg1 Ne2+ 49. Kf2 Bxg3+ 50. Kf1 Qf4+ 51. Kxe2 Qf2+ 52. Kd3 Qf3+ 0-1

[Event "33ème Open International d'Avoine"]
[Site "Avoine"]
[Date "2018.07.21"]
[Round "8.13"]
[White "Ollier, Pablo"]
[Black "Englisch, Colya"]
[Result "1-0"]
[WhiteElo "2398"]
[BlackElo "2097"]
[PlyCount "81"]
[EventDate "2018.??.??"]

1. d4 {[%emt 0:00:00]} d6 2. Nf3 g6 3. c4 Bg7 4. Nc3 Nf6 5. e4 O-O 6. h3 c5 7.
d5 e6 8. Bd3 exd5 9. exd5 Re8+ 10. Be3 Bh6 11. O-O Bxe3 12. fxe3 Qe7 13. e4
Nbd7 14. Qd2 Ne5 15. Nxe5 Qxe5 16. Qf4 Kg7 17. Nb5 Rd8 18. Qxe5 dxe5 19. Rf3
Ne8 20. Raf1 f6 21. Bc2 a6 22. Nc3 Rb8 23. Na4 Rd7 24. Rb3 Rc7 25. Rb6 Bd7 26.
Nc3 Kf7 27. g4 h6 28. Kg2 Kg7 29. Rf3 Kf7 30. Kg3 g5 31. Kg2 Kf8 32. Ne2 Ke7
33. Ng3 Nd6 34. Nh5 Rf8 35. Nxf6 Rxf6 36. Rxf6 Kxf6 37. Rxd6+ Kg7 38. Rb6 Bc8
39. Ba4 Rf7 40. Be8 Re7 41. Bg6 1-0